A guiding light : (Record no. 4147)

000 -LEADER
fixed length control field nam a22 a 4500
003 - CONTROL NUMBER IDENTIFIER
control field AKMAL
005 - DATE AND TIME OF LATEST TRANSACTION
control field 20170525121128.0
008 - FIXED-LENGTH DATA ELEMENTS--GENERAL INFORMATION
fixed length control field 170525s2004 my o e h 001 0beng d
020 ## - INTERNATIONAL STANDARD BOOK NUMBER
International Standard Book Number 9679789020 :
Terms of availability RM49.00
040 ## - CATALOGING SOURCE
Original cataloging agency AKMAL
082 04 - DEWEY DECIMAL CLASSIFICATION NUMBER
Classification number 923.8595 SAR
Edition number 22
090 00 - LOCALLY ASSIGNED LC-TYPE CALL NUMBER (OCLC); LOCAL CALL NUMBER (RLIN)
Classification number (OCLC) (R) ; Classification number, CALL (RLIN) (NR) 923.8595
Local cutter number (OCLC) ; Book number/undivided call number, CALL (RLIN) SAR
100 0# - MAIN ENTRY--PERSONAL NAME
Personal name Saroja Dev Param
9 (RLIN) 8140
245 12 - TITLE STATEMENT
Title A guiding light :
Remainder of title the life and work of Dato' Hajah Hendon Haji Din /
Statement of responsibility, etc. Saroja Dev Param
260 ## - PUBLICATION, DISTRIBUTION, ETC.
Place of publication, distribution, etc. Subang Jaya, Selangor :
Name of publisher, distributor, etc. Pelanduk Publications,
Date of publication, distribution, etc. 2004
300 ## - PHYSICAL DESCRIPTION
Extent xxv, 151p. :
Other physical details gf. ;
Dimensions 23cm.
500 ## - GENERAL NOTE
General note Includes index
600 04 - SUBJECT ADDED ENTRY--PERSONAL NAME
Personal name Hendon Haji Din,
Titles and other words associated with a name Dato',
Dates associated with a name 1923-
9 (RLIN) 8141
650 10 - SUBJECT ADDED ENTRY--TOPICAL TERM
Topical term or geographic name entry element Educators
Geographic subdivision Malaysia
Form subdivision Biography
9 (RLIN) 8142
650 20 - SUBJECT ADDED ENTRY--TOPICAL TERM
Topical term or geographic name entry element Volunteers
Geographic subdivision Malaysia
General subdivision Biography
9 (RLIN) 8143
650 20 - SUBJECT ADDED ENTRY--TOPICAL TERM
Topical term or geographic name entry element Women philanthropists
General subdivision Biography
9 (RLIN) 8144
942 ## - ADDED ENTRY ELEMENTS (KOHA)
Source of classification or shelving scheme
Koha item type Book
Holdings
Withdrawn status Lost status Source of classification or shelving scheme Damaged status Not for loan Collection code Home library Current library Shelving location Date acquired Inventory number Total Checkouts Full call number Barcode Date last seen Price effective from Koha item type
          NON-FICTION AKMAL Melaka AKMAL Melaka PINJAMAN 25.05.2017 900463   923.8595 SAR 201705417 25.05.2017 25.05.2017 Book
Pusat Sumber Maklumat Dato' Haji Sarmin Md Hussin, Akademi Kastam Diraja Malaysia, Melaka
Tel: 06-2331106 | Faks: 06-2313787